| 000 | 00664nam a22002417a 4500 | ||
|---|---|---|---|
| 001 | 00120 | ||
| 003 | DO-SdBNP | ||
| 005 | 20171213100714.0 | ||
| 007 | 00120 | ||
| 008 | 160328b xxu 2001 ||||| |||| 00| 0 spa d | ||
| 020 | _a9780395937761 | ||
| 040 |
_aBPMSU _bspa _cBPMSU |
||
| 092 |
_axxxxxxxx _bxxxxxxxx |
||
| 245 | 0 | 0 |
_aAlgebra 1 / _cRon Larson ...[et al.]. |
| 260 |
_aEstados Unidos : _bMcDougal Littell, _c2001 |
||
| 300 |
_axxi, 834 p. : _bil., _c27 cm. |
||
| 700 | 1 | 0 |
_aBoswell, Laurie, _eed. |
| 700 | 1 | 0 |
_aKanold, Timothy D., _eed. |
| 700 | 1 | 0 |
_aStiff, Lee, _eed. |
| 942 |
_2ddc _cBK |
||
| 945 | _ainventariado extranjero / DG | ||
| 956 | _aBrenda Tavárez | ||
| 999 |
_c9406 _d9406 |
||